Statistics for NBA Season MVP By Year Since 2000

Click here to take the quiz!

General Stats

  • This quiz has been taken 166 times
  • The average score is 21 of 23

Answer Stats

HintAnswer% Correct
2020Giannis Antetokounmpo
98%
2019Giannis Antetokounmpo
98%
2018James Harden
98%
2013LeBron James
98%
2012LeBron James
98%
2010LeBron James
98%
2009LeBron James
98%
2016Stephen Curry
98%
2015Stephen Curry
98%
2008Kobe Bryant
95%
2022Nikola Jokic
95%
2021Nikola Jokic
95%
2007Dirk Nowitzki
93%
2017Russell Westbrook
90%
2000Shaquille O'Neal
90%
2014Kevin Durant
88%
2003Tim Duncan
88%
2002Tim Duncan
88%
2001Allen Iverson
86%
2004Kevin Garnett
86%
2006Steve Nash
83%
2005Steve Nash
83%
2011Derrick Rose
79%

Score Distribution

Percentile by Number Answered

Percent of People with Each Score

Your Score History

You have not taken this quiz